LEADER 01077nas a2200241 i 4500 001 000000138928 003 CaOOAMICUS 005 20050523000000.0 008 050511b2004 xxuuu u0 0eng r 013 $a112883 040 $aSeMil$bita 245 10$aToward a Philosophy of Science Policy :$bApproaches and Issues /$cedited by Robert Frodeman [and] Carl Mitcham. 260 $aChicago :$bDePaul University,$ccopyr. 2004. 300 $a124 p. :$bgrafici, tabelle ;$c26 cm. 700 1 $aMitcham, Carl.$0(OLS)http://semarc/name/56184 700 1 $aFrodeman, Robert.$0(OLS)http://semarc/name/56183 773 0 $tPhilosophy Today.$dCarthagena (Ohio) : Messenger Press, 1957.$x0031-8256$w()2613 774 0 $t[vedi periodico].$w()261438 850 $aSeMil 852 $aSeMil$W1$xVenegono$y1$m16 6 56$j92368$B92368$CSeMilBibl$Z2$F98036 $85 961 $aAbbonamento: Herder 996 $6245$aToward a Philosophy of Science Policy :$bApproaches and Issues$9(OLS)http://semarc/title/203024 996 $6260$aChicago :$bDePaul University$9(OLS)http://semarc/publisher/29833 LEADER 01074nam a2200241 4500 001 000000362165 003 CaOOAMICUS 005 20250318142944.0 006 a 000 u 008 250318s19uu it 000 u fre r 040 $aSeMil$bita 100 1 $aBaldi, Pasquale.$0(OLS)http://semarc/name/79861 245 17$a1.: La Question des Lieux-Saints en général /$cNotes de Mr. Pascal Baldi. 264 1$a[S.l. :$bs.n.,$c1919] 300 $a97 p. ;$c24 cm 773 0 $aBaldi, Pasquale$tQuestion des lieux-saints.$d[S.l. : s.n., 1919]$gvol. 1$w()362164 850 $aSeMil 852 $aSeMil$W1$xVenegono$y1$m5A VIII 4/11$j255309$B253100$CSeMilBibl$Z2$F253100 $86 961 $aRecupero da Biblioteca Seminario Arcivescovile di Milano. 961 $aEtichetta della Biblioteca del Seminario Arcivescovile di Milano. - Con dedica al Card. Andrea Carlo Ferrari 996 $6245$a1.: La Question des Lieux-Saints en général$9(OLS)http://semarc/title/453043 996 $6264$a[S.l. :$bs.n.$9(OLS)http://semarc/publisher/31686